ბათუმის შოთა რუსთაველის სახელმწიფო უნივერსიტეტის ბიბლიოთეკა

Археология Венгрии : (ბიბ.ჩანაწერი № 61019)

000 -LEADER
fixed length control field 00718nam a22001697a 4500
005 - DATE AND TIME OF LATEST TRANSACTION
control field 20231207112342.0
008 - FIXED-LENGTH DATA ELEMENTS--GENERAL INFORMATION
fixed length control field 231207s1986 ru ||||| |||| 00| 0 rus d
041 ## - LANGUAGE CODE
Language code of text/sound track or separate title rus
080 ## - UNIVERSAL DECIMAL CLASSIFICATION NUMBER
Universal Decimal Classification number 902/904 A-87
245 ## - TITLE STATEMENT
Title Археология Венгрии :
Remainder of title Конец II тысячелетия до н.э. — I тысячелетие н.э. /
Statement of responsibility, etc. Отв.ред. В.С. Титов, И. Эрдели.
264 ## - PRODUCTION, PUBLICATION, DISTRIBUTION, MANUFACTURE, AND COPYRIGHT NOTICE
Place of production, publication, distribution, manufacture М.:
Name of producer, publisher, distributor, manufacturer Наука,
Date of production, publication, distribution, manufacture, or copyright notice 1986.
300 ## - PHYSICAL DESCRIPTION
Extent 352 с. :
Other physical details ил.;
Dimensions 25 см.
653 ## - INDEX TERM--UNCONTROLLED
keyword უნგრეთის არქეოლოგია
700 ## - ADDED ENTRY--PERSONAL NAME
Personal name Титов, В.С
Relator term რედაქტორი
9 (RLIN) 20612
700 ## - ADDED ENTRY--PERSONAL NAME
Personal name Эрдели, И.
Relator term რედაქტორი
9 (RLIN) 20613
942 ## - ADDED ENTRY ELEMENTS (KOHA)
Source of classification or shelving scheme
Koha item type წიგნი
ეგზემპლარები
Withdrawn status Lost status Source of classification or shelving scheme Damaged status Not for loan Permanent Location Current Location Shelving location Date acquired Cost, normal purchase price Full call number Barcode Date last seen Copy number Price effective from Koha item type Public note
          ბათუმის შოთა რუსთაველის სახელმწიფო უნივერსიტეტის მთავარი ბიბლიოთეკა ბათუმის შოთა რუსთაველის სახელმწიფო უნივერსიტეტის მთავარი ბიბლიოთეკა წიგნსაცავი 2023-12-07 8.00 902/904 A-87 65547 2023-12-07 65547 2023-12-07 წიგნი 8 ლ.